00857nam a22001577a 4500008004100000040005500041080001700096245004000113260004300153500022600196650002400422700002900446942001200475999001700487952019500504230721b |||||||| |||| 00| 0 eng d aNational Science LibrarycNational Science Library a66.002.3(05) aAnnual review of materials science  aPalo Alto: bAnnual Review Inc, c1985 aVol. 1 (Annual review of materials science) ix, 420p. Vol. 15 (Annual review of materials science) , 589p. Vol. 11 (Annual review of materials science0 , 583p. Vol. 16 (Annual review of materials science) , viii, 571p.  aChemical technology aHuggins, Robert A (Ed.)  cBK2udc c55415d55415 00102udc4066600230570997562aNSLbNSLcFF/Rk-47/C-1/R-2d1985-09-25h Vol. 15 (Annual review of materials science) , 589p. l0o66.002.3(05)p107702r2023-07-26 00:00:00w1985-09-25yBK